000 00844nam a2200241 a 4500
001 000022109
005 20200930011603.0
008 100916s1989 ck ac r 000 p spa d
020 _a9589043623
040 _aDO-SdBNP
_bspa
_cBNPHU
082 _aC861.44
_bC485J
100 1 _aCharry Lara, Fernando,
_c1920-2004.
_945801
245 1 0 _aJosé Asunción Silva /
_cFernando Charry Lara.
260 _aBogotá :
_bProcultura,
_c1989.
300 _a191, [14] p. :
_bil., retr. ;
_c19 cm.
490 1 _aClásicos colombianos
_v3
504 _aBibliografías: p. 183-184
610 1 0 _aSILVA, JOSÉ ASUNCIÓN,
_xBIOGRAFÍAS
_ySIGLO XIX
_945802
650 4 _aAutores colombianos
_xCrítica e interpretación
_945803
650 4 _aLiteratura colombiana
_yCRÍTICA E INTERPRETACIÓN
_945804
830 0 _aClásicos colombianos ;
_v3
_910583
049 _aBNGR
999 _c21607
_d21607